Mevo ha-Miḳra, (Record no. 32743)
[ view plain ]
| 000 -LEADER | |
|---|---|
| fixed length control field | 00894cam a22002531 4500 |
| 001 - CONTROL NUMBER | |
| control field | he 67002210 |
| 003 - CONTROL NUMBER IDENTIFIER | |
| control field | DLC |
| 005 - DATE AND TIME OF LATEST TRANSACTION | |
| control field | 20260227111451.0 |
| 008 - FIXED-LENGTH DATA ELEMENTS--GENERAL INFORMATION | |
| fixed length control field | 870722s1967 is b 000 0 hebr |
| 010 ## - LIBRARY OF CONGRESS CONTROL NUMBER | |
| LC control number | he 67002210 |
| 035 ## - SYSTEM CONTROL NUMBER | |
| System control number | (OCoLC)16265115 |
| 040 ## - CATALOGING SOURCE | |
| Original cataloging agency | DLC |
| Transcribing agency | CoDU |
| Modifying agency | CoDU |
| -- | DLC |
| 042 ## - AUTHENTICATION CODE | |
| Authentication code | premarc |
| 050 00 - LIBRARY OF CONGRESS CALL NUMBER | |
| Classification number | BS1140.2 |
| Item number | .S363 1967 |
| 100 1# - MAIN ENTRY--PERSONAL NAME | |
| Personal name | Segal, M. H. |
| Fuller form of name | (Moses Hirsch), |
| Dates associated with a name | 1876-1968. |
| 245 10 - TITLE STATEMENT | |
| Title | Mevo ha-Miḳra, |
| Statement of responsibility, etc. | me-et M.Ts. Segal. |
| 250 ## - EDITION STATEMENT | |
| Edition statement | [Mahad. 4.] |
| 260 ## - PUBLICATION, DISTRIBUTION, ETC. | |
| Place of publication, distribution, etc. | Yerushalayim, |
| Name of publisher, distributor, etc. | Ḳiryat sefer |
| Date of publication, distribution, etc. | [1967] |
| 300 ## - PHYSICAL DESCRIPTION | |
| Extent | 4 v. in 2 (1041 p.) |
| Dimensions | 23 cm. |
| 500 ## - GENERAL NOTE | |
| General note | "Hadpasah sheviʻit." |
| 504 ## - BIBLIOGRAPHY, ETC. NOTE | |
| Bibliography, etc. note | Bibliography: v. 4, p. [1019]-1032; bibliographical footnotes. |
| 505 0# - FORMATTED CONTENTS NOTE | |
| Formatted contents note | Sefer 1. Petiḥah kelalit. Torah. Neviʼim rishonim.--Sefer 2. Neviʼim aḥaronim.--Sefer 3. Ketuvim.--Sefer 4. Toldot ha-Miḳra. |
| 630 00 - SUBJECT ADDED ENTRY--UNIFORM TITLE | |
| Uniform title | Bible. |
| Name of part/section of a work | Old Testament |
| Form subdivision | Introductions. |
No items available.